Social Psychology and Human Sexuality : (Record no. 611905)

MARC details
000 -LEADER
fixed length control field 00509nam a2200193 a 4500
008 - FIXED-LENGTH DATA ELEMENTS--GENERAL INFORMATION
fixed length control field 260211s2001##################000#0#eng##
020 ## - INTERNATIONAL STANDARD BOOK NUMBER
ISBN 9781841690186
082 04 - DEWEY DECIMAL CLASSIFICATION NUMBER
Classification number 306.7
Item number BAU
100 1# - MAIN ENTRY--AUTHOR NAME
Personal name Baumeister, Roy F.,
245 10 - TITLE STATEMENT
Title Social Psychology and Human Sexuality :
260 ## - PUBLICATION, DISTRIBUTION, ETC. (IMPRINT)
Name of publisher Psychology Press,
Year of publication 2001.
300 ## - PHYSICAL DESCRIPTION
Number of Pages 372 pages
650 #0 - SUBJECT ADDED ENTRY--TOPICAL TERM
Topical Term Medical.
942 ## - ADDED ENTRY ELEMENTS (KOHA)
Koha item type English Books
Holdings
Withdrawn status Lost status Damaged status Not for loan Home library Current library Shelving location Date acquired Full call number Accession Number Price effective from Koha item type
        Anna Centenary Library Anna Centenary Library 3RD FLOOR, B WING 11.02.2026 306.7 BAU 171651 11.02.2026 English Books

Find us on the map